• 首页
  • 本馆介绍
  • 公告通知
  • 最新文献
  • 馆藏检索
  • 电子资源
  • 读者导购
  • 参考咨询
  • 我的图书馆
  • 登录
  • 详细信息显示
  • 放入我的书架
  • 预约/预借图书
  • 作者相关作品
  • 分类相关作品
  • 丛书相关作品
  • 出版社相关作品

书目信息

  • 表格格式
  • 工作单格式
  • 卡片格式
题名:
陷入深渊
    
 
作者: 林赛 , Lindsey 著 ;朱雍 译
分册:  
出版信息: 沈阳   春风文艺出版社  1985
页数: 444页
开本: 19cm
丛书名:
单 册:
中图分类: I712.55 , I712.4
科图分类:
主题词: 报告文学--美国--现代
电子资源:
ISBN:
000 00680nam0 2200253 45
001 1552092079
005 20150128111908.45
010    @dCNY2.40
091    @aCN@b10158.934
100    @a19901109d1985 em y0chiy0121 ea
101 1  @achi@ceng
102    @aCN@b210000
105    @ay z 000zy
200 10 @a陷入深渊@Axian ru shen yuan@f(美)林赛(Lindsey,R.)著@g朱雍译
210    @a沈阳@c春风文艺出版社@d1985
215    @a444页@d19cm
606    @a报告文学@y美国@z现代
690    @aI712.55@v3
690    @aI712.4@v4
701  1 @a林赛@Alin sai@bR.@4著
701 A1 @aLindsey@bR.@4著
702  0 @a朱雍@Azhu yong@4译
801  0 @aCN@bTSSF@c20150128
905    @aZUCC@dI712.4@eJY17
    
    陷入深渊/(美)林赛(Lindsey,R.)著/朱雍译.-沈阳:春风文艺出版社,1985
    444页;19cm
    
    
    ISBN :CNY2.40
    
●
相关链接 在E读中查询图书 在五车中查询图书 在当当中查询图书 在豆瓣中查询图书


正题名:陷入深渊     索取号:I712.4/JY17         预约/预借

序号 登录号 条形码 馆藏地/架位号 状态 备注
1 7850375   278503754   学院路分馆/ [索取号:I712.4/JY17] 在馆    
2 7850376   278503763   学院路分馆/ [索取号:I712.4/JY17] 在馆    
唐山师范学院图书馆 欢迎您!
大连网信软件有限公司© 版权所有